| 000 | 00601nam a22002057a 4500 | ||
|---|---|---|---|
| 003 | OSt | ||
| 005 | 20170310162208.0 | ||
| 008 | 170310b xxu||||| |||| 00| 0 eng d | ||
| 020 | _a9780857254450 | ||
| 040 | _c040a | ||
| 082 |
_aWY 100 _bH14w 2011 |
||
| 100 |
_aHall, Carol _911823 |
||
| 245 |
_aWhat is nursing? : _bexploring theory and practice / _cCarol Hall, Dawn Ritchie |
||
| 260 |
_aLondon _bLearning matters _c2011 |
||
| 300 |
_aviii, 197p; _c16 cm. |
||
| 504 | _aIncludes bibliographic references and index | ||
| 650 |
_aNursing _9135 |
||
| 700 |
_aRitchie, Dawn _911824 |
||
| 942 |
_2z _cO_SHELF |
||
| 999 |
_c5673 _d5673 |
||